ბათუმის შოთა რუსთაველის სახელმწიფო უნივერსიტეტის ბიბლიოთეკა

მზე მამულში (ბიბ.ჩანაწერი № 49951)

000 -LEADER
fixed length control field 00695nam a2200229Ia 4500
001 - CONTROL NUMBER
control field 16887
003 - CONTROL NUMBER IDENTIFIER
control field GE_BSU
008 - FIXED-LENGTH DATA ELEMENTS--GENERAL INFORMATION
fixed length control field 181216s||||||||xx |||||||||||||| ||und||
040 ## - CATALOGING SOURCE
Transcribing agency GE_BSU
080 ## - UNIVERSAL DECIMAL CLASSIFICATION NUMBER
Universal Decimal Classification number 821.353.1-1
100 ## - MAIN ENTRY--PERSONAL NAME
Personal name გელაძე, ლევან
245 ## - TITLE STATEMENT
Title მზე მამულში
245 ## - TITLE STATEMENT
Remainder of title ლექსები და პოემები
245 ## - TITLE STATEMENT
Statement of responsibility, etc. რედ.ნ.ნოღაიდელი
260 ## - PUBLICATION, DISTRIBUTION, ETC.
Place of publication, distribution, etc. ბათუმი
260 ## - PUBLICATION, DISTRIBUTION, ETC.
Name of publisher, distributor, etc. სახელგამი
260 ## - PUBLICATION, DISTRIBUTION, ETC.
Date of publication, distribution, etc. 1961
300 ## - PHYSICAL DESCRIPTION
Extent 202გვ. ; 20სმ.
653 ## - INDEX TERM--UNCONTROLLED
Uncontrolled term ლექსები და პოემები.
653 ## - INDEX TERM--UNCONTROLLED
Uncontrolled term მზე მამულში
942 ## - ADDED ENTRY ELEMENTS (KOHA)
Koha item type წიგნი
ეგზემპლარები
Withdrawn status Lost status Damaged status Not for loan Date acquired Barcode Date last seen Price effective from Koha item type
        2018-12-17 21924 2018-12-17 2018-12-17 წიგნი
        2018-12-17 21925 2018-12-17 2018-12-17 წიგნი